Ovplyvnenie rozmerov vyspekaných výliskov pridaním prvkov vytvárajúcich tekutú fázu pri spekaní : Diplomová práca

Enregistré dans:
Détails bibliographiques
Auteurs principaux: Šuba, Roland, 1974- (xxx), Abari, Zoltán (Auteur)
Format: Manuscrit Livre
Langue:slovaque
Publié: Trnava : STU v Bratislave MtF KZl, 2006
Sujets:
Tags: Ajouter un tag
Pas de tags, Soyez le premier à ajouter un tag!

MARC

LEADER 00000ntm a22000003a 4500
001 stu119940
005 20160719155538.5
008 060606s2006----xo------------------slo-d
040 |a STU  |b slo 
041 0 |a slo 
044 |a xo 
100 1 |a Šuba, Roland,  |d 1974-  |4 xxx  |u M3000  |U MTF Materiálovotechnologická fakulta  |T MTF Ústav výrobných technológií  |X 4305  |U M3000  |Y 83  |7 A000004305 
245 1 |a Ovplyvnenie rozmerov vyspekaných výliskov pridaním prvkov vytvárajúcich tekutú fázu pri spekaní :  |b Diplomová práca 
260 |a Trnava :  |b STU v Bratislave MtF KZl,  |c 2006 
300 |a 73 s  |c príl (1 CD) 
650 7 |a technológie strojárskej výroby  |2 stusub 
650 7 |a prášková metalurgia  |2 stusub 
700 1 |a Abari, Zoltán  |4 aut 
996 |b 284M073318  |c M*DP-5993  |l MMSKP  |s P  |a 0  |w stu119940_0001